000 00929nas a2200313 4500
001 BR9208566
003 BR-BrBNA
005 20231205093125.0
007 ta
008 230509b bl.|||p| |||| 00| 00por d
040 _aBR-BrBNA
_bpor
_cBiblioteca Nacional de Agricultura
041 _a(Pt)
072 _aH60
100 1 _aDower Neto, J.B.
100 1 _aFeltrin, M.A.V.
100 1 _aBraz, B.A.
100 1 _aGuedes, F.T.
100 1 _aBenicio, D.D.
245 1 _aAvaliacao da eficiencia e fitotoxicidade de herbicidas pos-emergentes em soja (Glycine max L. Merril), na regiao de Bandeirantes, Parana
650 _aSOJA
650 _aERVA DANINHA
650 _aHERBICIDA
650 _aPOS-EMERGENCIA
650 _aFITOTOXICIDADE
650 _aPARANÁ
773 0 _tPoliagro (Brazil)
_xISSN 0100-3461
_g(1984), v. 6(2) p. 5-12
_wBR9208566
909 _a202311
_bLúcia
_c55
_dLúcia Elande
942 _2AGRIS
_n0
_cANA
999 _c136360
_d136360